[Event "FSGMA December"]
[Site "Budapest HUN"]
[Date "2001.12.07"]
[Round "7"]
[White "Schenk,Andreas"]
[Black "Berkes,F"]
[Result "1/2-1/2"]
[WhiteElo "2443"]
[BlackElo "2541"]

1.d4 e6 2.c4 Nf6 3.Nc3 Bb4 4.Nf3 c5 5.g3 cxd4 6.Nxd4 Ne4 7.Qd3 Nxc3 8.bxc3 Be7
9.Nb5 O-O 10.Bf4 d6 11.Nxd6 Nc6 12.Bg2 g5 13.Bxc6 bxc6 14.Nxc8 Rxc8 15.Be3 Qa5
16.O-O Rfd8 17.Qc2 Bf6 18.Rad1 c5 19.Rxd8+ Rxd8 20.Rb1 a6 21.Rb7 h6 22.Bd2 Rd6
23.Kg2 Kg7 24.h4 Qd8 25.hxg5 hxg5 26.Rb2  1/2-1/2

[Event "XIV Carlos Torre"]
[Site "Merida MEX"]
[Date "2001.12.17"]
[Round "4"]
[White "Gonzalez Garcia,J"]
[Black "Graf,A"]
[Result "1/2-1/2"]
[WhiteElo "2411"]
[BlackElo "2610"]

1.d4 Nf6 2.c4 e6 3.Nc3 Bb4 4.Nf3 c5 5.g3 cxd4 6.Nxd4 Ne4 7.Bd2 Nxd2 8.Qxd2 Nc6
9.Nc2 Be7 10.Bg2 Ne5 11.Ne3 f5 12.f4 Nf7 13.O-O-O  1/2-1/2

[Event "ch-BRA"]
[Site "Sao Paolo BRA"]
[Date "2001.12.18"]
[Round "2"]
[White "Lima,Da"]
[Black "Tsuboi,E"]
[Result "1-0"]
[WhiteElo "2543"]
[BlackElo "2341"]

1.d4 Nf6 2.c4 e6 3.Nc3 Bb4 4.Nf3 c5 5.g3 cxd4 6.Nxd4 O-O 7.Bg2 d5 8.O-O e5
9.Nc2 Bxc3 10.bxc3 dxc4 11.Ba3 Qxd1 12.Rfxd1 Re8 13.Ne3 Nc6 14.Rab1 Be6 15.Rxb7 Rac8
16.Bxc6 Rxc6 17.Rxa7 Ne4 18.Bb4 f5 19.Nd5 Bxd5 20.Rxd5 Nf6 21.Rb5 f4 22.Rbb7 Nh5
23.Re7 Re6 24.a4 e4 25.Rxe6 Rxe6 26.gxf4 h6 27.e3 Nf6 28.Bc5  1-0

[Event "Premier"]
[Site "Hastings ENG"]
[Date "2001.12.29"]
[Round "1"]
[White "Barsov,A"]
[Black "Zhang Zhong"]
[Result "1-0"]
[WhiteElo "2525"]
[BlackElo "2657"]

1.d4 Nf6 2.c4 e6 3.Nc3 Bb4 4.Nf3 b6 5.Bg5 Bb7 6.Nd2 h6 7.Bh4 c5 8.a3 Bxc3
9.bxc3 d6 10.f3 Nbd7 11.e4 e5 12.d5 Qe7 13.Bd3 Nf8 14.Qa4+ Kd8 15.Bf2 Ng6
16.g3 Nh7 17.h4 Kc7 18.Nf1 Qf6 19.Ke2 Ne7 20.Ne3 h5 21.Raf1 g5 22.hxg5 Nxg5
23.Be1 Qg6 24.f4 Nxe4 25.fxe5 Nxg3+ 26.Kd2 Nxf1+ 27.Rxf1 Qg5 28.exd6+ Kxd6
29.Rf6+ Ke5 30.Rf3 f5 31.Bxf5 Rhd8 32.Bg3+ Kf6 33.Bc8+ Kg7 34.Bxb7 Rf8 35.Bf4 Rxf4
36.Rxf4 Rd8 37.Rf2 Ng6 38.Rg2 Qf4 39.Qc2 Rd6 40.Qf5  1-0

[Event "4NCL"]
[Site "Birmingham ENG"]
[Date "2002.01.19"]
[Round "5"]
[White "Barrett,S"]
[Black "Devereaux,M"]
[Result "0-1"]
[WhiteElo "2210"]
[BlackElo "2268"]

1.d4 Nf6 2.c4 e6 3.Nc3 Bb4 4.Nf3 b6 5.g3 Bb7 6.Bg2 O-O 7.O-O Bxc3 8.bxc3 d6
9.Ne1 Bxg2 10.Nxg2 Nc6 11.Qd3 d5 12.Ba3 Re8 13.Rad1 dxc4 14.Qxc4 Qd5 15.Ne3 Na5
16.Qd3 Qh5 17.c4 Rad8 18.d5 exd5 19.cxd5 Qh3 20.f3 c6 21.Bb2 Nxd5 22.Ng2 Nc4
23.Qxc4 Qxg2+ 24.Kxg2 Ne3+ 25.Kf2 Nxc4 26.Bc3 c5 27.e4 f6 28.a4 Kf7 29.g4 a6
30.Rb1 Rb8 31.Rfd1 Red8 32.f4 Rxd1 33.Rxd1 Ke7 34.Rd5 Rc8 35.g5 b5 36.axb5 axb5
37.gxf6+ gxf6 38.Rh5 Nd6 39.Bxf6+ Kf7 40.e5 Ne4+ 41.Kf3 Nxf6 42.exf6 Kg6
43.Kg4 b4 44.f5+ Kxf6 45.Rh6+ Kg7 46.Rb6 c4 47.Rxb4 c3 48.Rb1 Kf6 49.Kf4 Rc4+
50.Ke3 Kxf5 51.Kd3 Rc7 52.Rc1 Kg4 53.Rxc3 Rxc3+ 54.Kxc3 Kh3 55.Kd3 Kxh2 56.Ke3 Kg3
57.Ke2 Kg2 58.Ke3 h5  0-1

[Event "Kaissa Open"]
[Site "Kharkov UKR"]
[Date "2002.01.26"]
[Round "5"]
[White "Korovianski,D"]
[Black "Karandoa,K"]
[Result "1/2-1/2"]
[WhiteElo "2271"]
[BlackElo "2177"]

1.d4 Nf6 2.c4 e6 3.Nc3 Bb4 4.Nf3 b6 5.Qc2 Bb7 6.Bg5 h6 7.Bh4 Bxc3+ 8.Qxc3 g5
9.Bg3 Ne4 10.Qc2 d6 11.e3 Nd7 12.d5 exd5 13.cxd5 Bxd5 14.Rd1 Bb7 15.Ba6 Bxa6
16.Qxe4+ Kf8 17.h4 Nc5 18.Qd4 Rg8 19.hxg5 hxg5 20.Rh7 Qd7 21.a4 Qxa4 22.Qf6 Qa5+
23.Nd2 Nd3+ 24.Kf1 Qd5 25.Kg1 Nc5 26.Ne4 Qe6 27.Rxd6 Nxe4 28.Rxe6 Nxf6 29.Rxf6 Bc4
30.Rc6 b5 31.Rxc7 a5 32.Bd6+ Ke8 33.e4 Be6 34.Rh5 Bg4 35.Rh7  1/2-1/2

[Event "CMA Futurity"]
[Site "Montreal CAN"]
[Date "2002.01.27"]
[Round "5"]
[White "Bluvshtein,M"]
[Black "Gaspariants,G"]
[Result "1/2-1/2"]
[WhiteElo "2354"]
[BlackElo "2230"]

1.d4 Nf6 2.c4 e6 3.Nc3 Bb4 4.Nf3 c5 5.e3 Nc6 6.Bd3 Bxc3+ 7.bxc3 d6 8.e4 e5
9.d5 Na5 10.Bg5 b6 11.Nd2 h6 12.Bh4 g5 13.Bg3 Bg4 14.f3 Bd7 15.Bf2 Qe7 16.Nb3 Nb7
17.Qd2 Nh7 18.g4 Nf8 19.h4 Ng6 20.hxg5 hxg5 21.Rxh8+ Nxh8  1/2-1/2

[Event "GMA"]
[Site "Bermuda BER"]
[Date "2002.01.28"]
[Round "7"]
[White "Krush,I"]
[Black "Vescovi,G"]
[Result "0-1"]
[WhiteElo "2424"]
[BlackElo "2590"]

1.d4 Nf6 2.c4 e6 3.Nc3 Bb4 4.Nf3 b6 5.g3 Ba6 6.Qb3 c5 7.a3 Bxc3+ 8.Qxc3 cxd4
9.Nxd4 d5 10.cxd5 Qxd5 11.Qf3 Qxf3 12.Nxf3 Nbd7 13.b4 Rc8 14.a4 O-O 15.Bg2 Rfd8
16.Nd4 Ne5 17.b5 Rxd4 18.Bb2 Rd7 19.Bxe5 Bb7 20.Bxb7 Rxb7 21.O-O Ne4 22.Rac1 Rd8
23.Rc6 f6 24.Bf4 Kf7 25.Be3 Rbd7 26.f3 Nd6 27.g4 Nc8 28.Rfc1 Ne7 29.R6c2 g5
30.Bf2 Nd5 31.Bg3 Kg6 32.Rc8 Rxc8 33.Rxc8 e5 34.Kf1 h5 35.gxh5+ Kxh5 36.h4 gxh4
37.Rh8+ Kg6 38.Bxh4 Ne3+ 39.Ke1 Rd4 40.Bg3 Rxa4 41.Bf2 Nc4 42.Kf1 Nd6 43.Ra8 Ra5
44.Bh4 Kf7 45.Rh8 Nf5  0-1

[Event "Bundesliga 2001-2"]
[Site "Hamburg GER"]
[Date "2002.02.02"]
[Round "6"]
[White "Pajeken,W"]
[Black "Solleveld,Maa"]
[Result "1/2-1/2"]
[WhiteElo "2350"]
[BlackElo "2413"]

1.d4 Nf6 2.c4 e6 3.Nc3 Bb4 4.Nf3 c5 5.g3 O-O 6.Bg2 cxd4 7.Nxd4 d5 8.cxd5 Nxd5
9.Bd2 Bxc3 10.bxc3 e5 11.Nb3 Nc6 12.O-O Nb6 13.Qc2 Nc4 14.Rfd1 Qe7 15.Bc1 Be6
16.Nd2 Rfd8 17.Nxc4 Rxd1+ 18.Qxd1 Bxc4 19.Qc2 Rd8 20.Be3 h6 21.a4 Bd5 22.Bh3 b6
23.c4 Be6 24.Bxe6 Qxe6 25.c5 Nd4 26.Bxd4 Rxd4 27.cxb6 axb6  1/2-1/2

[Event "13th Asian Cities"]
[Site "Aden YEM"]
[Date "2002.02.09"]
[Round "4"]
[White "Barsov,A"]
[Black "Antonio,R"]
[Result "1/2-1/2"]
[WhiteElo "2527"]
[BlackElo "2519"]

1.d4 Nf6 2.c4 e6 3.Nc3 Bb4 4.Nf3 b6 5.Bg5 Bb7 6.Nd2 h6 7.Bh4 c5 8.a3 Ba5
9.Nb5 d5 10.Bxf6 gxf6 11.cxd5 a6 12.Nc3 cxd4 13.Qa4+ b5 14.Qxd4 Nc6  1/2-1/2

[Event "XVIII Open"]
[Site "Cappelle la Grande FRA"]
[Date "2002.02.16"]
[Round "8"]
[White "Winants,L"]
[Black "Bouhallel,R"]
[Result "1-0"]
[WhiteElo "2488"]
[BlackElo "2359"]

1.d4 e6 2.c4 Nf6 3.Nc3 Bb4 4.Nf3 b6 5.Qb3 Qe7 6.a3 Bxc3+ 7.Qxc3 Ne4 8.Qc2 Bb7
9.e3 O-O 10.Be2 f5 11.O-O Rf6 12.d5 exd5 13.cxd5 Qc5 14.Qb1 Qxd5 15.Rd1 Qf7
16.Qc2 d5 17.b4 Rc6 18.Qb2 Nc3 19.Rd4 Nxe2+ 20.Qxe2 Nd7 21.Bb2 Re8 22.Rf4 Rc4
23.Rxc4 dxc4 24.Ng5 Qd5 25.e4 Rxe4 26.Nxe4 Qxe4 27.Qxe4 Bxe4 28.f3 Bc6 29.Kf2 Kf7
30.Ke3 Bd5 31.Rd1 Be6 32.h4 g6 33.Kf4 h6 34.g4 a6 35.gxf5 gxf5 36.Rg1 Nf6
37.Bxf6 Kxf6 38.Ke3 Bd5 39.f4 Bf7 40.Kd4 Ke6 41.Kxc4  1-0

[Event "Open"]
[Site "Malaga ESP"]
[Date "2002.02.25"]
[Round "4"]
[White "Lalic,B"]
[Black "Munoz Moreno,F"]
[Result "1-0"]
[WhiteElo "2523"]
[BlackElo "2283"]

1.d4 Nf6 2.c4 e6 3.Nc3 Bb4 4.Nf3 d5 5.Bg5 Nbd7 6.cxd5 exd5 7.Qc2 h6 8.Bh4 g5
9.Bg3 Ne4 10.e3 c6 11.Bd3 Nxg3 12.hxg3 Kf8 13.a3 Be7 14.b4 a6 15.O-O Kg7
16.Qb2 Nf6 17.a4 g4 18.Nh4 Ne8 19.e4 Be6 20.exd5 cxd5 21.Rfe1 Bxh4 22.gxh4 Qxh4
23.g3 Qd8 24.a5 h5 25.Re5 h4 26.Qd2 Qf6 27.Nxd5 Bxd5 28.Rxd5 hxg3 29.Rf5 Qh4
30.Qg5+ Qxg5 31.Rxg5+ Kf8 32.fxg3 Nf6 33.Rf1 Rh6 34.Bg6 Kg7 35.Bd3+ Kf8 36.b5 Rd8
37.Rf4 axb5 38.Rxb5 Rd7 39.Rb6 Ke7 40.Bf1 Rg6 41.Bg2 Nh5 42.Re4+ Kd8 43.Rxg6 fxg6
44.Rxg4 Ke7 45.Kf2 Rd6 46.Ke3 Nf6 47.Rg5 Nd7 48.Be4 Nf8 49.Rc5  1-0

[Event "Open"]
[Site "Cannes FRA"]
[Date "2002.02.26"]
[Round "2"]
[White "Schenk,Andreas"]
[Black "Nisipeanu,LD"]
[Result "0-1"]
[WhiteElo "2447"]
[BlackElo "2608"]

1.d4 Nf6 2.c4 e6 3.Nc3 Bb4 4.Nf3 b6 5.Qb3 c5 6.Bg5 Bb7 7.Rd1 Bxc3+ 8.bxc3 h6
9.Bf4 Nc6 10.e3 O-O 11.Be2 Rc8 12.dxc5 Na5 13.Qa3 Rxc5 14.Bd6 Bxf3 15.gxf3 Nxc4
16.Bxc4 Rxc4 17.Bxf8 Qxf8 18.Qxa7 Rxc3 19.Qxb6 Qa8 20.Qb2 Ra3 21.Rg1 Rxa2
22.Qb3 Nd5 23.Qd3 Ra3 24.Qd4 g6 25.Rc1 Kh7 26.f4 Ra4 27.Qd1 Ra2 28.Qd3 Qb7
29.Rd1 Qb2 30.Qd2 Qb3 31.Qd3 Nc3 32.Rc1 Qb2  0-1

[Event "Jersey Open"]
[Site "St Helier JCI"]
[Date "2002.02.26"]
[Round "3"]
[White "Ward,C"]
[Black "Quillan,G"]
[Result "1-0"]
[WhiteElo "2486"]
[BlackElo "2319"]

1.d4 Nf6 2.c4 e6 3.Nc3 Bb4 4.Nf3 O-O 5.Bg5 h6 6.Bh4 c5 7.e3 d6 8.Qc2 Nbd7
9.Bd3 b6 10.O-O Bxc3 11.Qxc3 Bb7 12.dxc5 Nxc5 13.Bxf6 Qxf6 14.Qxf6 gxf6 15.Be2 d5
16.Nd4 Rfd8 17.Rac1 Rac8 18.Rfd1 dxc4 19.Rxc4 Ba6 20.Rcc1 Bxe2 21.Nxe2 Kg7
22.Nd4 Nd3 23.Rxc8 Rxc8 24.b3 Nc1 25.a4 a6 26.g3 Kg6 27.Kg2 Rc3 28.b4 Nd3
29.b5 axb5 30.axb5 e5 31.Nc6 e4 32.Ne7+ Kh7 33.Nd5 Rb3 34.Nxf6+ Kg6 35.Nxe4 f5
36.Nd6 Kf6 37.Nc4  1-0

[Event "NAO Masters"]
[Site "Cannes FRA"]
[Date "2002.03.03"]
[Round "9"]
[White "Bacrot,E"]
[Black "Karpov,An"]
[Result "1-0"]
[WhiteElo "2649"]
[BlackElo "2693"]

1.d4 Nf6 2.c4 e6 3.Nc3 Bb4 4.Nf3 b6 5.Bg5 h6 6.Bh4 Bxc3+ 7.bxc3 Bb7 8.Nd2 g5
9.Bg3 d6 10.e3 Qe7 11.h4 Rg8 12.hxg5 hxg5 13.Rh6 Nbd7 14.Qa4 Kf8 15.O-O-O Kg7
16.Rh1 e5 17.f3 a6 18.Bd3 Rh8 19.Bf5 Rxh1 20.Rxh1 Rh8 21.Rxh8 Kxh8 22.e4 Nh5
23.Qxd7 Qxd7 24.Bxd7 Nxg3 25.dxe5 Ne2+ 26.Kc2 Nf4 27.exd6 cxd6 28.g3 Nh5
29.Nf1 Nf6 30.Bf5 g4 31.Bxg4 Nxg4 32.fxg4 Bxe4+ 33.Kd2 Kg7 34.Ke3 Bg2 35.Nd2 Kf6
36.Kf4 Ke6 37.a3 Bh3 38.g5 Bf5 39.Ne4 Bg6 40.Nf6 Bd3 41.Nd5 Bxc4 42.Nxb6 Bb3
43.c4 Bc2 44.Ke3 a5 45.Kd4 Bd1 46.Nd5 Bf3 47.Nc7+ Kd7 48.Nb5 Kc6 49.Nc3 Kd7
50.Ke3 Bg4 51.Nd5 Bf5 52.Kd4 Bb1 53.Nc3 Bc2 54.Kd5 Bf5 55.Ne2 Be6+ 56.Kd4 Kc6
57.Nc1 Kb6 58.Nb3 Ka6 59.Nd2 Kb6 60.Nf3 Bf5 61.Kd5 Be6+ 62.Kxd6 Bxc4 63.Ne5 Bb3
64.Ke7 Kb5 65.Nxf7 Bc2 66.Nd6+ Ka4 67.Nc4 Bb3 68.Nxa5  1-0

[Event "Bundesliga 2001-2"]
[Site "Porz GER"]
[Date "2002.03.16"]
[Round "10"]
[White "Pajeken,W"]
[Black "Stohl,I"]
[Result "1/2-1/2"]
[WhiteElo "2350"]
[BlackElo "2539"]

1.d4 Nf6 2.c4 e6 3.Nc3 Bb4 4.Nf3 d5 5.cxd5 exd5 6.Qa4+ Nc6 7.Ne5 Bd7 8.Nxc6 Bxc3+
9.bxc3 Bxc6 10.Qa3 Ne4 11.Bf4 Bb5 12.Rb1 Qf6 13.e3 Bxf1 14.Rxf1 Qc6 15.f3 Nd6
16.Bxd6 cxd6 17.Kf2 Ke7 18.Rfc1 Rhc8 19.Qb4 b6 20.Qb5 Qxb5 21.Rxb5 Rc4 22.Ke2 Ke6
23.Kd3 Ra4 24.Rc2 Rc8 25.Rb4 Rxb4 26.cxb4 Rxc2 27.Kxc2 f5 28.b5 g5 29.Kd3 h5
30.Ke2 Kf6 31.Kf2 h4 32.g3 hxg3+ 33.Kxg3 Ke7 34.Kf2 Ke6 35.a3 Kf6 36.e4 dxe4
37.fxe4 d5 38.exf5 Kxf5 39.Ke3 g4 40.a4  1/2-1/2

[Event "TCh-FIN 2001-02"]
[Site "FIN"]
[Date "2002.03.17"]
[Round "9"]
[White "Paldanius,P"]
[Black "Kanko,I"]
[Result "1/2-1/2"]
[WhiteElo "2252"]
[BlackElo "2231"]

1.d4 Nf6 2.c4 e6 3.Nc3 Bb4 4.Nf3 O-O 5.Bg5 c5 6.Rc1 h6 7.Bh4 cxd4 8.Nxd4 Nc6
9.e3 d5 10.cxd5 exd5 11.Be2 Be6 12.O-O Rc8 13.a3 Be7 14.Qa4 Qb6 15.Nxe6 fxe6
16.Qb5 Qxb5 17.Nxb5 g5 18.Bg3 e5 19.Rfd1 Rfd8 20.Nc3 d4 21.Bc4+ Kg7 22.exd4 exd4
23.Ne2 Na5 24.Bd3 Rxc1 25.Rxc1 Nc6 26.Kf1 Ng4 27.Rd1 Bf6 28.Ke1 Be5 29.h3 Bxg3
30.Nxg3 Nge5 31.Nf5+ Kf6 32.Nxh6 Rh8 33.Ng4+ Nxg4 34.hxg4 Ne5 35.Bf5 Rh1+
36.Ke2 d3+ 37.Kd2 Nc4+ 38.Kc1 Rxd1+ 39.Kxd1 Nxb2+ 40.Kc1 d2+ 41.Kxd2 Nc4+
42.Kc3 Nd6 43.Bh7 Ke5 44.Kd3 Kf4 45.Kd4 Kxg4 46.Kd5 Nb5 47.Kc5 Nc3 48.Bc2 Kf4
49.a4 Ke5 50.a5 Nd5 51.g3 g4 52.Bd1 Nf6 53.f3 Nd7+ 54.Kb4 gxf3  1/2-1/2

[Event "57th ch-YUG"]
[Site "Banja Koviljaca YUG"]
[Date "2002.03.23"]
[Round "7"]
[White "Ostojic,N"]
[Black "Kovacevic,A"]
[Result "1/2-1/2"]
[WhiteElo "2475"]
[BlackElo "2549"]

1.d4 Nf6 2.c4 e6 3.Nc3 Bb4 4.Nf3 c5 5.g3 Nc6 6.Bg2 Ne4 7.Bd2 Nxd2 8.Qxd2 cxd4
9.Nxd4 Ne5 10.Nc2 Be7 11.b3 O-O 12.Rd1 Qb6 13.Ne4 d6 14.O-O Rd8 15.Ne3 Bd7
16.Kh1 Bc6 17.Nc3 Rac8 18.h3 Nd7 19.Ne4 Nc5 20.Nxc5 dxc5 21.Qc2 g6  1/2-1/2

[Event "ch-CAN"]
[Site "Richmond CAN"]
[Date "2002.03.24"]
[Round "5"]
[White "Ristovic,N"]
[Black "Patterson,Ro"]
[Result "1-0"]
[WhiteElo "2294"]
[BlackElo "2173"]

1.d4 Nf6 2.c4 e6 3.Nc3 Bb4 4.Nf3 c5 5.g3 d5 6.Bg2 O-O 7.O-O cxd4 8.Nb5 Nc6
9.a3 Be7 10.Nbxd4 Bd7 11.Nxc6 Bxc6 12.Ne5 Qb6 13.Be3 Qc7 14.Nxc6 bxc6 15.Rc1 Qa5
16.Bd2 Qb6 17.b4 Rac8 18.Qb3 c5 19.b5 a6 20.a4 axb5 21.axb5 Rfd8 22.Qa4 Ra8
23.Qc2 Ra7 24.Ra1 Rda8 25.Qb2 h6 26.Bc3 Ra4 27.Rfd1 Rxa1 28.Rxa1 Rxa1+ 29.Qxa1 dxc4
30.Bc6 Nd5 31.Bxg7 c3 32.Bxh6 Kh7 33.Bc1 Bf6 34.Qb1+ Kg7 35.Qe4 Ne7 36.h4 Nxc6
37.bxc6 Bd8 38.Qe5+ Bf6 39.Bh6+ Kxh6 40.Qxf6+ Kh7 41.Qxf7+ Kh6 42.Qxe6+  1-0

[Event "57th ch-YUG"]
[Site "Banja Koviljaca YUG"]
[Date "2002.03.25"]
[Round "9"]
[White "Ostojic,N"]
[Black "Pikula,D"]
[Result "0-1"]
[WhiteElo "2475"]
[BlackElo "2466"]

1.d4 Nf6 2.Nf3 e6 3.c4 Bb4+ 4.Nc3 c5 5.g3 cxd4 6.Nxd4 a6 7.Bg2 Qc7 8.Qd3 Be7
9.O-O d6 10.b3 O-O 11.Bb2 Rd8 12.Rac1 Bd7 13.e4 Be8 14.f4 Nbd7 15.Qe2 Rac8
16.Kh1 g6 17.f5 e5 18.Nc2 Qb8 19.Ne3 b5 20.Ncd5 Nxd5 21.Nxd5 Bg5 22.f6 Kh8
23.h4 Bh6 24.cxb5 Nc5 25.bxa6 Bb5 26.Qf3 Bxf1 27.Rxf1 Nxa6 28.h5 g5 29.Bc1 Nb4
30.Bh3 Rc2 31.a3 Nxd5 32.exd5  0-1

[Event "57th ch-YUG"]
[Site "Banja Koviljaca YUG"]
[Date "2002.03.27"]
[Round "11"]
[White "Ostojic,N"]
[Black "Jeremic,V"]
[Result "0-1"]
[WhiteElo "2475"]
[BlackElo "2484"]

1.d4 Nf6 2.c4 e6 3.Nc3 Bb4 4.Nf3 b6 5.Bg5 Bb7 6.Qc2 h6 7.Bh4 g5 8.Bg3 Ne4
9.e3 Bxc3+ 10.bxc3 d6 11.Nd2 Nxd2 12.Qxd2 Nd7 13.f3 Qe7 14.a4 a5 15.Bd3 O-O-O
16.O-O-O f5 17.Kb2 Rdf8 18.Rde1 Rhg8 19.h3 h5 20.Bf2 Qf7 21.Ref1 Qe8 22.Qc2 Qg6
23.Rhg1 g4 24.Qd1 g3 25.Be1 e5 26.Be2 h4 27.Bd2 Qe6 28.Re1 Re8 29.Bc1 Re7
30.Ka1 Qf6 31.Qd2 Rge8 32.Qb2 Bc6 33.Bd1 Kb8 34.Bb3 Ka7 35.Ka2 Bb7 36.Qd2 Nf8
37.Re2 Ne6 38.Rge1 f4 39.Ba3 c5 40.dxe5 dxe5 41.e4 Rd8 42.Qc1 Red7 43.Rd1 Rxd1
44.Bxd1 Ba6 45.Bb3 Rd3 46.Kb2 Qd8 47.Kc2 Ng5 48.Qf1 Qd7 49.Bc1 Rd6 50.Re1 Kb7
51.Kb2 Kc7 52.Bc2 Nf7 53.Kb3 Qe6 54.Bd3 Rd8 55.Ba3 Rxd3 56.Qxd3 Nd6 57.Kb2 Nxc4+
58.Kc1 Qd7 59.Qxd7+ Kxd7 60.Rd1+ Ke6 61.Bb2 Ne3 62.Rd8 Bf1 63.Rh8 Bxg2 64.Rh6+ Kf7
65.Rxb6 Bxf3 66.Rb7+ Kg6  0-1

[Event "6th Neckar Open"]
[Site "Deizisau GER"]
[Date "2002.03.31"]
[Round "6"]
[White "Pajeken,W"]
[Black "Schlosser,P"]
[Result "0-1"]
[WhiteElo "2350"]
[BlackElo "2472"]

1.d4 Nf6 2.c4 e6 3.Nc3 Bb4 4.Nf3 c5 5.g3 O-O 6.Bg2 cxd4 7.Nxd4 d5 8.cxd5 Nxd5
9.Qb3 Nc6 10.Nxc6 bxc6 11.O-O Qa5 12.Bd2 Bxc3 13.bxc3 Ba6 14.Qc2 Bc4 15.Rfd1 Rfd8
16.e4 Nb6 17.Be3 e5 18.f4 h6 19.fxe5 Be6 20.Bf1 Nd7 21.Rd4 Nxe5 22.Ra4 Qc7
23.Be2 c5 24.Qb2 Bd7 25.Ra6 Bc8 26.Ra4 a5 27.Bf4 g5 28.Bxe5 Qxe5 29.Rf1 Bd7
30.Bb5 Rab8 31.Rxa5 Qc7 32.c4 Qxa5 33.Qf6 Be6 34.Qxh6 Qd2 35.Qxg5+ Qxg5  0-1

[Event "IDJM"]
[Site "Augsburg GER"]
[Date "2002.04.05"]
[Round "5"]
[White "Schenk,Andreas"]
[Black "Gross,Dav GER"]
[Result "1/2-1/2"]
[WhiteElo "2447"]
[BlackElo "2463"]

1.d4 Nf6 2.c4 e6 3.Nc3 Bb4 4.Nf3 c5 5.g3 cxd4 6.Nxd4 Ne4 7.Qd3 Bxc3+ 8.bxc3 Nc5
9.Qf3 Nc6 10.Nxc6 dxc6 11.Bg2 Nd7 12.c5 O-O 13.O-O Re8 14.Ba3 e5 15.Rfd1 Qa5
16.c4  1/2-1/2

[Event "TCh-CZE 2001-2"]
[Site "CZE"]
[Date "2002.04.06"]
[Round "10"]
[White "Cech,P"]
[Black "Vyskocil,N"]
[Result "1/2-1/2"]
[WhiteElo "2327"]
[BlackElo "2297"]

1.d4 e6 2.c4 Nf6 3.Nc3 Bb4 4.Nf3 O-O 5.Bg5 d6 6.Qc2 Qe7 7.e3 e5 8.Be2 Bg4
9.dxe5 dxe5 10.O-O Bxc3 11.Qxc3 Nbd7 12.h3 Bh5 13.Rfd1 Rfe8 14.b3 Qe6 15.Bxf6 Nxf6
16.Ng5 Qf5 17.Bxh5 Nxh5 18.Nf3 Nf6 19.Rd2 g6 20.Qb2 a5 21.Rad1 a4 22.bxa4 b6
23.c5 bxc5 24.Rc2 e4 25.Nd2 Rxa4 26.Qb5 Rea8 27.Rxc5 Qe6 28.Nb3 Ne8 29.Re5 Nd6
30.Qxa4 Rxa4 31.Rxe6 fxe6 32.Rd2 Kf7 33.Rc2 Ra7 34.Nd4 Ne8 35.Nc6 Ra4 36.g4 Kf6
37.Kg2 g5 38.Kg3 Nd6 39.h4 h6 40.hxg5+ hxg5 41.Nd4 Nc4 42.Nb5 Na3 43.Nxa3 Rxa3
44.Kg2 Ke5 45.Kf1 Kd6 46.Rd2+ Ke5 47.Rc2 Kd6 48.Ke2 c5 49.Kd2 c4  1/2-1/2

[Event "TCh-ISR"]
[Site "ISR"]
[Date "2002.04.12"]
[Round "8"]
[White "Gelfer,I"]
[Black "Psakhis,L"]
[Result "0-1"]
[WhiteElo "2331"]
[BlackElo "2572"]

1.d4 Nf6 2.c4 e6 3.Nc3 Bb4 4.Nf3 Bxc3+ 5.bxc3 b6 6.Bg5 Bb7 7.e3 h6 8.Bh4 d6
9.Bd3 Nbd7 10.O-O g5 11.Bg3 Qe7 12.Nd2 h5 13.h4 Rg8 14.e4 O-O-O 15.hxg5 Rxg5
16.Nf3 Rg4 17.Nh2 Rg7 18.Bh4 Rdg8 19.g3 Nxe4 20.Qxh5 f6 21.Bxe4 Bxe4 22.Qe2 Bb7
23.f3 Qf7 24.Kf2 e5 25.Ng4 Bxf3 26.Qxf3 Rxg4  0-1

[Event "TCh-NOR Finals"]
[Site "Oslo NOR"]
[Date "2002.05.08"]
[Round "1"]
[White "Jansson,J"]
[Black "Thanke,B"]
[Result "0-1"]
[WhiteElo "2265"]
[BlackElo "2154"]

1.Nf3 Nf6 2.d4 e6 3.c4 Bb4+ 4.Nc3 O-O 5.Bg5 h6 6.Bh4 d5 7.Qb3 a5 8.Bxf6 Qxf6
9.cxd5 exd5 10.Qxd5 Rd8 11.Qc4 Be6 12.Qd3 c5 13.O-O-O Bxc3 14.bxc3 cxd4 15.cxd4 Nc6
16.a3 Ra6 17.e3 Rb6 18.Kd2 Bd5 19.Rb1 Rxb1 20.Qxb1 Bxf3 21.gxf3 Nxd4 22.exd4 Qxd4+
23.Bd3 Qxf2+ 24.Kc3 Qd4+ 25.Kd2 Qf2+ 26.Kc3 Rc8+ 27.Kb3 a4+ 28.Kxa4 Qd4+
29.Ka5 Qc5+ 30.Ka4 Ra8+ 31.Kb3 Rxa3+ 32.Kb2 Qc3+  0-1

[Event "XI MKD-Cup"]
[Site "Stip MKD"]
[Date "2002.05.11"]
[Round "4"]
[White "Balov,D"]
[Black "Damljanovic,B"]
[Result "0-1"]
[WhiteElo "2161"]
[BlackElo "2548"]

1.d4 Nf6 2.c4 e6 3.Nc3 Bb4 4.Nf3 b6 5.g3 Bb7 6.Bg2 O-O 7.O-O Bxc3 8.bxc3 d6
9.a4 Nbd7 10.a5 Re8 11.Qa4 h6 12.Rd1 Qc8 13.Bb2 c5 14.Ne1 bxa5 15.Qxa5 Nb6
16.Bxb7 Qxb7 17.Qb5 Qe4 18.dxc5 dxc5 19.Qxc5 Qxe2 20.Ba3 Nxc4 21.Nd3 Rec8
22.Qb4 Nd5 23.Qb3 Nxa3 24.Qxa3 Rxc3 25.Qa6 Rac8 26.Qb7 R8c7 27.Qb8+ Kh7 28.Qb1 Rc2
29.Ra3 Nc3  0-1

[Event "4th Borowski C"]
[Site "Essen GER"]
[Date "2002.05.19"]
[Round "4"]
[White "Curic,D"]
[Black "Henrichs,T"]
[Result "0-1"]
[WhiteElo "2218"]
[BlackElo "2459"]

1.d4 Nf6 2.c4 e6 3.Nc3 Bb4 4.Nf3 c5 5.g3 cxd4 6.Nxd4 O-O 7.Bg2 d5 8.cxd5 Nxd5
9.Bd2 Nxc3 10.bxc3 Be7 11.O-O a6 12.Rb1 Qc7 13.Qb3 Nd7 14.Nxe6 fxe6 15.Qxe6+ Rf7
16.Bf4 Qd8 17.Rfd1 Qe8 18.Bd5 Nf6 19.Qxf7+ Qxf7 20.Bxf7+ Kxf7 21.c4 Ne4 22.Be5 a5
23.Rb5 Ra6 24.f3 Nc5 25.Rd5 Nd7 26.Rxa5 Rc6 27.Rd3 Nxe5 28.Rxe5 Rxc4 29.Rd2 Be6
30.Kg2 b6 31.Rb5 Bc5 32.Rbb2 Rc1 33.h4 Ke7 34.Rbc2 Rg1+ 35.Kh2 Ra1 36.g4 Bb4
37.Rd4 Bd6+ 38.f4 Rxa2 39.Rc6 Rxe2+ 40.Kg3 Bc5  0-1

[Event "ch-HUN Gp B"]
[Site "Balatonlelle HUN"]
[Date "2002.06.03"]
[Round "3"]
[White "Farago,I"]
[Black "Chernin,A"]
[Result "1/2-1/2"]
[WhiteElo "2506"]
[BlackElo "2583"]

1.d4 Nf6 2.c4 e6 3.Nc3 Bb4 4.Nf3 b6 5.Bg5 h6 6.Bh4 Bb7 7.e3 Bxc3+ 8.bxc3 d6
9.Nd2 g5 10.Bg3 Qe7 11.f3 Nc6 12.Bf2 Nd7  1/2-1/2

[Event "ch-HUN Gp A"]
[Site "Balatonlelle HUN"]
[Date "2002.06.05"]
[Round "5"]
[White "Horvath,P1"]
[Black "Gyimesi,Z"]
[Result "1/2-1/2"]
[WhiteElo "2489"]
[BlackElo "2605"]

1.d4 Nf6 2.c4 e6 3.Nc3 Bb4 4.Nf3 c5 5.g3 cxd4 6.Nxd4 Ne4 7.Qd3 Bxc3+ 8.bxc3 Nc5
9.Qf3 d6 10.Bg2 Nbd7 11.O-O Ne5 12.Qf4 Bd7 13.Nb3 Qc7 14.Ba3 f6 15.Rfd1 O-O-O
16.Qd4 Ba4 17.Rab1 b6 18.Rd2 Rhe8 19.f4 Nf7 20.Qe3 Bc6 21.Bh3 Ne4 22.Rdb2 f5
23.Nd4 Nh6 24.Bg2 Ng4 25.Qf3 Ngf6 26.Qd3 Rd7 27.Bb4 Kd8 28.a4 Ke7 29.a5 Kf7
30.Ba3 Rb8 31.h3 h5 32.Qe3 Rdd8 33.Nf3 Nd7 34.g4 hxg4 35.hxg4 Ndf6 36.gxf5 exf5
37.axb6 axb6 38.Rxb6 Rxb6 39.Qxb6 Qxb6+ 40.Rxb6 Ba8 41.Nd4 g6 42.Nb5 Rc8
43.Bxe4 Nxe4 44.Nxd6+ Nxd6 45.Bxd6 Rxc4 46.Be5 Rc6 47.Rb8 Ra6 48.Kf2 Bd5
49.Rc8 Rc6 50.Rh8 Bc4 51.Ke3 Ba6 52.Ra8 Ke6 53.Rg8 Kd5 54.Rd8+ Ke6 55.Bd4 Bc4
56.Kf3 Bd5+ 57.Kg3 Bc4 58.e3 Ra6 59.Rc8 Bd3 60.c4 Kd7 61.Rc5 Rc6 62.Rd5+ Rd6  1/2-1/2

[Event "FSGM June"]
[Site "Budapest HUN"]
[Date "2002.06.06"]
[Round "6"]
[White "Lorscheid,G"]
[Black "Lechtynsky,J"]
[Result "1/2-1/2"]
[WhiteElo "2331"]
[BlackElo "2413"]

1.d4 Nf6 2.c4 e6 3.Nc3 Bb4 4.Nf3 d5 5.Qa4+ Nc6 6.Bg5 Bd7 7.Qb3 a5 8.e3 a4
9.Qc2 a3 10.Bxf6 axb2 11.Qxb2 Qxf6 12.cxd5 exd5 13.Be2 Ra3 14.Rc1  1/2-1/2

[Event "FSGM June"]
[Site "Budapest HUN"]
[Date "2002.06.08"]
[Round "8"]
[White "Lorscheid,G"]
[Black "Handke,F"]
[Result "0-1"]
[WhiteElo "2331"]
[BlackElo "2427"]

1.d4 Nf6 2.c4 e6 3.Nc3 Bb4 4.Nf3 b6 5.Qb3 c5 6.Bg5 Bb7 7.a3 Ba5 8.dxc5 Na6
9.cxb6 Nc5 10.Qc2 Be4 11.Qd1 Bxc3+ 12.bxc3 Qxb6 13.Nd4 Rb8 14.f3 Bc6 15.a4 Qa5
16.Nxc6 dxc6 17.Bxf6 gxf6 18.Qd6 Qxc3+ 19.Kf2 Qe5 20.Qxc6+ Ke7 21.Rd1 Rhc8
22.f4 Ne4+ 23.Kg1 Qxf4 24.Qd7+ Kf8 25.Qxa7 Rb7 26.g3 Qxf1+  0-1

[Event "Sigeman & Co Malmoe SWE"]
[Site "Malmoe SWE"]
[Date "2002.06.10"]
[Round "5"]
[White "Johannessen,LE"]
[Black "Berg,E"]
[Result "1-0"]
[WhiteElo "2452"]
[BlackElo "2514"]

1.d4 e6 2.c4 Nf6 3.Nc3 Bb4 4.Nf3 b6 5.Bg5 h6 6.Bh4 Bb7 7.Nd2 c5 8.a3 Bxc3
9.bxc3 d6 10.f3 e5 11.e4 Nbd7 12.Be2 Qe7 13.Nf1 g5 14.Bf2 g4 15.Ne3 gxf3
16.gxf3 Bxe4 17.fxe4 Nxe4 18.Qc2 Nxf2 19.Nf5 Qf6 20.Kxf2 Kf8 21.Qe4 d5 22.cxd5 Re8
23.Bb5 exd4 24.Qf4 Ne5 25.cxd4 cxd4 26.Rhd1 Ng6 27.Re1 Rd8 28.Qf3 a6 29.Bc6 d3
30.Rad1 Rg8 31.Qe4 Qb2+ 32.Kf1 Ne5 33.Rb1 d2 34.Rxb2 Rg1+ 35.Kxg1 dxe1=Q+
36.Qxe1 Nf3+  1-0

[Event "6th Open"]
[Site "Voronezh RUS"]
[Date "2002.06.12"]
[Round "1"]
[White "Olsen,P"]
[Black "Dragomarezkij,E"]
[Result "0-1"]
[WhiteElo "2252"]
[BlackElo "2471"]

1.d4 Nf6 2.c4 e6 3.Nc3 Bb4 4.Nf3 c5 5.g3 b6 6.Bg2 Bb7 7.O-O cxd4 8.Qxd4 Nc6
9.Qd3 O-O 10.Rd1 Rc8 11.b3 Re8 12.Bb2 Bf8 13.e4 e5 14.Bh3 Nb4 15.Qe2 Bc5
16.a3 Nc6 17.Nd5 Nb8 18.Bxe5 Nxd5 19.cxd5 Ba6 20.Qb2 f6 21.Bxb8 Rxb8 22.b4 Bd6
23.Re1 Rc8 24.b5 Bb7 25.a4 Qe7 26.Bf1 Bb4 27.Re3 Qc5 28.Rb1 Ba5 29.Qd4 f5
30.Bd3 Bc3 31.Qxc5 Rxc5 32.exf5 Rxe3 33.fxe3 Bxd5 34.Kf2 Ba2 35.Rc1 d5 36.Ke2 Bb3
37.Nd2 Bxa4 38.e4 d4 39.Nb1 Kf7 40.Nxc3 dxc3 41.Ra1 Bxb5 42.Rxa7+ Kf6 43.Bxb5 c2  0-1